000 01287nam a2200289 a 4500
001 000017893
003 DO-SdBNP
005 20230925133247.0
007 000017893
008 100407s2003 dr ac001 0 spa d
020 _a9993491829
040 _aBPMSU
_bspa
_cBPMSU
082 4 _a928.61
_bH519M, 2003
_222
100 1 _aMateo, Andrés L.,
_d1946-
_93
245 1 0 _aPedro Henríquez Ureña :
_berrancia y creación /
_cAndrés L. Mateo.
260 _aSanto Domingo :
_bSantillana,
_c2003.
300 _a310 p. :
_bil., retrs. ;
_c22 cm.
490 0 _aTaurus. Pensamiento
500 _3Incluye índice
504 _aIncluye bibliografía activa, bibliohemerografía e índice onomástico
504 _aIncluye referencias bibliográficas y notas al pie de las páginas
505 _aIntroducción 11 -- Santo Domingo, Puerto Plata, Cabo Haitiano 13 -- Cabo Haitiano, Santo Domingo, Nueva York 65 -- La Habana, Veracruz 93 -- Ciudad de México 111 -- Washington, Minnesota, México 167 -- La Plata, Santo Domingo, Buenos Aires 219 -- Bibliografía activa 285 -- Bibliohemerografía pasiva 291 -- Índice onomástico 305
590 _6Inventariado, 2022/VM
600 1 4 _a Henríquez Ureña, Pedro
_d1884-1946
_vBiografías
910 _aVMateo V. Control de calidad
942 _2ddc
_cBK
999 _c7646
_d7646